header

Point and figure charting (Record no. 36354)

MARC details
000 -LEADER
fixed length control field 01258nam a2200337Ia 4500
082 04 - DEWEY DECIMAL CLASSIFICATION NUMBER
Classification number 332.63/222
100 1# - MAIN ENTRY--AUTHOR NAME
Personal name Dorsey, Thomas J.
245 10 - TITLE STATEMENT
Title Point and figure charting
250 ## - EDITION STATEMENT
Edition statement 4th ed.
260 ## - PUBLICATION, DISTRIBUTION, ETC. (IMPRINT)
Place of publication Hoboken, NJ :
Name of publisher Wiley,
Year of publication c2013.
300 ## - PHYSICAL DESCRIPTION
Number of Pages ix, 386 p.
490 0# - SERIES STATEMENT
Series statement Wiley trading series
500 ## - GENERAL NOTE
General note Includes index.
650 #0 - SUBJECT ADDED ENTRY--TOPICAL TERM
Topical Term Stocks
Topical Term Speculation.
Topical Term Stock price forecasting.
856 40 - ELECTRONIC LOCATION AND ACCESS
Uniform Resource Identifier http://site.ebrary.com/lib/rucke/Doc?id=10738049

No items available.

© 2026 Rongo University
Contact us: librarian | system librarian | Rongo university